000 01305nam2a2200301 4500
001 RU\NLR\DIGIT\14001
005 20250613201831.0
035 _a(NLR Aleph) 010116278
090 _a9983633
_c9983633
100 _a20050225j19910706|||y0rusy50 ca
101 0 _aost
102 _aRU
135 _acobo 001aaada
200 1 _a1991, № 27(2276) (6 июля)
210 _d1991
_aБ. м.
215 _a4 с.
_cил.
325 _aHanty_Yasang_1991_07_06_N027
325 _aКопия доступна в Электрон. б-ке РНБ http://vivaldi.nlr.ru/pn000002396/view
461 0 _1001RU\NLR\DIGIT\13977
_12001#$aХанты ясанг$v1991, № 27(2276) (6 июля)
_99983343
_cХанты-Мансийск
_d1991-
_oХанты-Мансийский автономный округ газета
_tХанты ясанг
_v1991, № 27(2276) (6 июля)
610 0 _aХанты ясанг - 1991
801 2 _aRU
_bNLR
_c20100506
_2rusmarc
852 _aNLR
_bОНЛ
_jХант.-г.1-6
942 _cISSNP
980 _aNB
981 3 6 _a(36) Цифровой репозиторий РНБ
981 2 3 _a(23) Национальные литературы
_b(23) Периодические издания на национальных языках